00771nam a2200241 a 4500001001300000003000900013005001700022008004100039020001000080082001600090100002100106245007900127260004500206300000900251500003500260505002400295650004000319700002100359902000800380942000700388952011700395999001700512nice12345678IN_TiNIC20260116013824.0050524s1962 newa grp 000 0 eng  ac18400a291.82bKAT aKatsh, Abraham I aJudaism and the Quranb Biblical Talmudic Backgrounds of the Koran and Its aNew YorkbA. S. Barnes and Companyc1962 a265p aincludes index and biblioraphy2 abibliography, index aComparative Religion-Judaism & Isla1 aKatsh, Abraham I bSRS cBK 001040708StackRoom-aHMIbHMId2007-07-24g184.00l0o291.82 KATp016757r2007-07-24v184.00w2005-05-24yBK c12663d12663